| 000 | 00785nam a2200253Ia 4500 | ||
|---|---|---|---|
| 003 | OSt | ||
| 005 | 20220928124322.0 | ||
| 006 | a|||||r|||| 00| 0 | ||
| 007 | ta | ||
| 008 | 220927b |||||||| |||| 00| 0 eng d | ||
| 020 | _c2995 | ||
| 024 | _a128549 | ||
| 037 |
_b153, 03/02/2016, Excel Book International _cTextual |
||
| 040 |
_aSDCL _cSDCL _beng |
||
| 041 |
_2eng _aeng |
||
| 082 | _aX:8Tp, Q3 | ||
| 100 |
_aKhan S. D. Ed. _9464353 |
||
| 245 | 0 | _aInternational conference on knowledge management and resource sharing | |
| 260 |
_aNew Delhi _bTata McGraw Hill Educatin Pvt. Ltd. _c2013 |
||
| 300 |
_axv;230p. _ccm. |
||
| 650 | _aReference | ||
| 942 |
_hX:8Tp, Q3 _cTEXL _2CC |
||
| 999 |
_c777266 _d777266 |
||